00501nam a2200181Ia 450000500170000000800410001702000180005804100120007608200150008810000230010324500630012625000120018926000470020130000210024865000140026965000230028365000130030620260429112212.0260429s9999||||xx |||||||||||||| ||und|| a9781260240856 aEnglish a579.5bBRO aBrooker, Robert J. 0aGenetics : banalysis and principles / cRobert J. Brooker a7th ed. aNew York : bMcGraw-Hill Education,c2021. axii, I-30 p.; hb a Heredity a Molecular biology aGenetics